000 00806nam a22002297a 4500
003 UA-OsUOA
001 48242
007 ta
008 20121226b un ||||| |||| 00| 0 ukr d
090 _a017
942 _cBK
040 _aUA-OsUOA
_beng
_cUA-OsUOA
_dUA-OsUOA
245 _aSocial Science Resource Guide (with special attention to the holdings of the Libraries at the University of Pittsburgh)
_cedit. Lynne Foote
300 _a118 p.
955 _a1
041 _aeng
080 _a017
260 _bUniversity Center for International Studies University of Pittsburgh
_c1978
650 7 _a01 Бібліографія і бібліографії. Каталоги
_2UDC
999 _c428346
_d428346